Vector mechanics for engineers / (Record no. 183837)

000 -LEADER
fixed length control field 00985 a2200241 4500
003 - CONTROL NUMBER IDENTIFIER
control field Nust
005 - DATE AND TIME OF LATEST TRANSACTION
control field 20170207153314.0
010 ## - LIBRARY OF CONGRESS CONTROL NUMBER
LC control number 87018633
020 ## - INTERNATIONAL STANDARD BOOK NUMBER
International Standard Book Number 0070799466 (set)
040 ## - CATALOGING SOURCE
Transcribing agency Nust
082 00 - DEWEY DECIMAL CLASSIFICATION NUMBER
Classification number 531
100 1# - MAIN ENTRY--PERSONAL NAME
Personal name Beer, Ferdinand Pierre,
245 10 - TITLE STATEMENT
Title Vector mechanics for engineers /
Statement of responsibility, etc. Ferdinand P. Beer, E. Russell Johnston, Jr.
Remainder of title statics /
250 ## - EDITION STATEMENT
Edition statement 5th ed.
260 ## - PUBLICATION, DISTRIBUTION, ETC.
Place of publication, distribution, etc. New York :
Name of publisher, distributor, etc. McGraw-Hill,
Date of publication, distribution, etc. c1988-
300 ## - PHYSICAL DESCRIPTION
Extent xx,474p
Other physical details ill. (some col.) ;
Dimensions 24 cm.
505 ## - FORMATTED CONTENTS NOTE
Formatted contents note Introduction (Page-1), Statics Of Particles (Page-16), Rigid Bodies (Page-59), Equilibrium Of Rigid Bodies (Page-122), Distributed Forces (Page-166), Analysis Of Structures (Page-213), Forces In Beams And Cables (Page-266), Friction (Page-304), Method Of Virtual Work (Page-405).
538 ## - SYSTEM DETAILS NOTE
System details note Almirah No.16and Shelf No.4
650 #0 - SUBJECT ADDED ENTRY--TOPICAL TERM
Topical term or geographic name entry element Mechanics, Applied
General subdivision Problems, exercises, etc.
650 #0 - SUBJECT ADDED ENTRY--TOPICAL TERM
Topical term or geographic name entry element Mechanics, Applied.
650 #0 - SUBJECT ADDED ENTRY--TOPICAL TERM
Topical term or geographic name entry element Vector analysis.
700 1# - ADDED ENTRY--PERSONAL NAME
Personal name Johnston, E. Russell
Dates associated with a name 1925-
942 ## - ADDED ENTRY ELEMENTS (KOHA)
Source of classification or shelving scheme
Koha item type Book
Holdings
Withdrawn status Lost status Source of classification or shelving scheme Damaged status Not for loan Collection code Permanent Location Current Location Date acquired Total Checkouts Full call number Barcode Date last seen Price effective from Koha item type
            Military College of Signals (MCS) Military College of Signals (MCS) 12/12/2016   531 BEE MCS6139 12/08/2016 12/12/2016 Book
© 2023 Central Library, National University of Sciences and Technology. All Rights Reserved.